| 000 | 00745nam a2200217Ia 4500 | ||
|---|---|---|---|
| 003 | GCL | ||
| 008 | 140319s9999 xx 000 0 ara d | ||
| 040 |
_aGCL / _cGCL |
||
| 082 | 0 | 4 |
_a371.26 _bا ذ |
| 100 | 1 | _aاسماعيل عبدالفتاح عبدالكافى | |
| 245 | 1 | 0 |
_aالذكاء وتنميته لدى أطفالنا / _cاسماعيل عبدالفتاح عبدالكافى |
| 300 | _a312 | ||
| 490 |
_a100 قصة _v0 |
||
| 650 | 0 | 4 | _aرياض الاطفال |
| 650 | 0 | 4 | _aالذكاء |
| 650 | 0 | 4 | _aاختبارات الذكاء |
| 650 | 0 | 4 | _aالاختبارات والقياسات التعليمية |
| 650 | 0 | 4 | _aالتعليم - الطرق التجريبية |
| 650 | 0 | 4 | _aالاطفال - تربية |
| 942 |
_2ddc _cBK |
||
| 999 |
_c44146 _d44146 |
||